00343nam a2200133Ia 4500008004100000024001500041082001700056100001800073245001600091260002600107600002100133650003800154999001700192260210s9999 xx 000 0 und d a11B-112-BS a005.1072 SAR aSarmad Jamali 0aGeneric ERP aKarachi:bUITU,c2011 aComputer Science aBachelor of Computer Science (BS) c32183d32183